Informes estadísticos de Asistencia Psiquiátrica 1986 / Diputació de Barcelona. Servei de Psiquiatria
Descripción Física:
10 p. ; 30 cm
MARC
| LEADER | 00000nam a2200000Ia 4500 | ||
|---|---|---|---|
| 001 | 8036 | ||
| 008 | 160829s9999 xx 000 0 cat d | ||
| 080 | |a FU-22-16 | ||
| 110 | 1 | |a Barcelona (Catalunya : Província). |b Servei de Psiquiatria |9 54514 | |
| 245 | |a Informes estadísticos de Asistencia Psiquiátrica 1986 / Diputació de Barcelona. Servei de Psiquiatria | ||
| 260 | |a Barcelona : |b [el Servei], abril 1988 | ||
| 300 | |a 10 p. ; |c 30 cm | ||
| 650 | |a Barcelona. Diputació. Servei de Psiquiatria |x Memòries |9 30589 | ||
| 650 | |a Assistència psiquiàtrica |x Barcelona (Província) |x Memòries |9 30590 | ||
| 901 | |a Arxiu | ||
| 942 | |n 1 | ||
| 952 | |0 0 |1 0 |4 0 |6 FU2216 |7 1 |9 45453 |a Arxiu |b Arxiu |d 2016-12-01 |l 0 |o FU-22-16 |p 8036 |r 2016-12-01 00:00:00 |w 2016-12-01 |y ARXIU | ||
| 999 | |c 48618 |d 48618 | ||